000 01191cam a2200337 a 4500
005 20260322212016.0
008 data
010 _a 91050470
020 _a006016767X :
_c{dollar}23.00
020 _a9780060167677 :
_c{dollar}23.00
040 _aDLC
_cDLC
_dOCoLC
_dOCoLC
043 _an-ust--
_an-ust--
050 0 0 _aPS3558.I45
_bS23 1993
082 0 0 _a813/.54
_220
100 1 _aHillerman, Tony.
245 1 0 _aSacred clowns /
_cTony Hillerman.
250 _a1st ed.
260 _aNew York, NY :
_bHarperCollins,
_cc1993.
300 _a305 p. ;
_c25 cm.
650 0 _aChee, Jim (Fictitious character)
_xFiction.
650 0 _aLeaphorn, Joe, Lt. (Fictitious character)
_xFiction.
650 0 _aPolice
_zSouthwestern States
_xFiction.
650 0 _aIndian reservation police
_vFiction.
650 0 _aNavajo Indians
_xFiction.
655 7 _aDetective and mystery stories.
_2gsafd
906 _a7
_bcbc
_corignew
_d1
_eocip
_f19
_gy-gencatlg
922 _aad
991 _bc-GenColl
_hPS3558.I45
_iS23 1993
_p00016954688
_tCopy 1
_wBOOKS
001 data
999 _c355
_d355